| 000 | 00421nam a2200145Ia 4500 | ||
|---|---|---|---|
| 008 | 231129s1988||||xx |||||||||||||| ||spa|| | ||
| 020 | _a958-9004-01-6 | ||
| 040 | _bspa | ||
| 082 | _a946.042 G633p | ||
| 100 | _aGomez Hoyos Rafael | ||
| 245 | 0 | _aEl Pontificado en la historia de America : Pensamiento Social de la Iglesia | |
| 260 | _c1988 | ||
| 264 | _aKelly | ||
| 942 |
_2ddc _cBKS |
||
| 999 |
_c12138 _d12138 |
||